000
00337nam a22001457a 4500
003
OSt
005
20240112124734.0
008
240112b |||||||| |||| 00| 0 eng d
040
_c
IIMT UNIVERSITY
100
_a
GEETA, PRESS
245
_a
STROT RATNAWALI
260
_a
GORAKHPUR
_b
GEETA PRESS
_c
S.2044
300
_a
316
942
_2
ddc
_c
09
999
_c
57980
_d
57980